Word Ladder: Celebrity Middle Names Quiz Stats

Quiz Updated Mar 3, 2015

Challenge
Share
Tweet
Embed
Score 0/15 Timer 02:00
0 Plays Today
Clue 4-Letter Word % Correct
• Jennifer ___ Hewitt •• LOVE •
96%
• Billie ___ King •• JEAN •
94.6%
Not prerecordedLIVE
93.1%
• Melissa ___ Hart •• JOAN •
91.8%
Small wingless parasitesLICE
85.8%
• Harry ___ Stanton •• DEAN •
82.2%
• Andrew ___ Clay •• DICE •
80.6%
CamouflageHIDE
80.5%
Clue 4-Letter Word % Correct
2014 Oscar nominee LauraDERN
78.2%
ChallengeDARE
77.6%
''Phooey!''DARN
76.7%
Dismal or extremeDIRE
75.2%
• David ___ Pierce •• HYDE •
74.5%
Threw with effortHOVE
68.4%
Apiarist's itemHIVE
67.9%

Today's Daily Dose

Quick Pick
Overwatch Maps

On This Day
May 26th II

You're not logged in!

Compare scores with friends on all Sporcle quizzes.
Join for Free
OR
Log In

You Might Also Like...

Show Comments

Extras

Top Quizzes Today


Score Distribution

Your Account Isn't Verified!

In order to create a playlist on Sporcle, you need to verify the email address you used during registration. Go to your Sporcle Settings to finish the process.

Report this User

Report this user for behavior that violates our Community Guidelines.

Details: